From Athens to Auschwitz : the uses of history

Αποθηκεύτηκε σε:
Λεπτομέρειες βιβλιογραφικής εγγραφής
Κύριος συγγραφέας: Meier, Christian, 1929-
Άλλοι συγγραφείς: Lukas Schneider, Deborah (trlf)
Μορφή: Βιβλίο
Γλώσσα:English
German
Δημοσίευση: Cambridge, Mass. : Harvard University Press, c2005.
Θέματα:
Ετικέτες: Προσθήκη ετικέτας
Δεν υπάρχουν, Καταχωρήστε ετικέτα πρώτοι!

MARC

LEADER 00000cam a2200000 a 4500
001 1/106909
008 150611s2005####xxu|||||||||||||| ||eng||
020 |a 0674016920  
040 |a GR-MyUa   |b gre   |c GR-MyUa   |e AACR2  
041 1 |a eng  |h ger 
082 7 |a 901   |2 (23)  
100 1 |a Meier, Christian,   |d 1929- 
245 1 0 |a From Athens to Auschwitz :   |b the uses of history /   |c Christian Meier.  
250 |a   
260 |a Cambridge, Mass. :   |b Harvard University Press,   |c c2005.  
300 |a 239 σ. ;   |c 22 εκ.  
500 |a Μετάφραση από τα γερμανικά του: Von Athen bis Auschwitz.  
504 |a Περιλαμβάνει βιβλιογραφικές αναφορές και ευρετήριο.  
650 0 |a History  |x Philosophy. 
700 1 |a Lukas Schneider, Deborah,  |e trlf 
852 |a INST  |b LESVOS  |e 20150611  |h 901 MEI  |p 005100056891  |q 005100056891  |t BK  |y 0 
970 |a Τσιλικλή   |b Καλλιόπη